书目信息 |
| 题名: |
广州起义
|
|
| 作者: | ;中央档案馆 编 | |
| 分册: | ||
| 出版信息: | 北京 中共中央党校出版社 1982 |
|
| 页数: | 342页 | |
| 开本: | 21cm | |
| 丛书名: | 中央党史资料丛书 | |
| 单 册: | ||
| 中图分类: | K263.3 | |
| 科图分类: | ||
| 主题词: | 中国--历史 | |
| 电子资源: | ||
| ISBN: | ||
| 000 | 00707nam2 2200265 45 | |
| 001 | 0182000606 | |
| 005 | 20040331144723.5 | |
| 010 | @dCNY1.10 | |
| 091 | @a11230.51 | |
| 100 | @a19950114d1982 emky0chiy0121 ea | |
| 101 | 0 | @achi |
| 102 | @aCN@b110000 | |
| 105 | @ay z 000yy | |
| 106 | @ar | |
| 200 | 10 | @a广州起义@Aguang zhou qi yi@e资料选辑@f中央档案馆编 |
| 210 | @a北京@c中共中央党校出版社@d1982 | |
| 215 | @a342页@d21cm | |
| 225 | 2 | @a中央党史资料丛书 |
| 410 | 0 | @120010@a中央党史资料丛书 |
| 606 | 0 | @a中国@x历史 |
| 690 | @aK263.3 | |
| 711 | 02 | @a中央档案馆@Azhong yang dang an guan@4编 |
| 801 | 0 | @aCN@b上海图书馆@c20040331 |
| 801 | 2 | @aCN@bNLC@c20040331 |
| 905 | @f1@b14469@dK263.3@e1 | |
| 广州起义:资料选辑/中央档案馆编.-北京:中共中央党校出版社,1982 |
| 342页;21cm.-(中央党史资料丛书) |
| ISBN :CNY1.10 |
| ● |
| 相关链接 |
|
|
|
|
正题名:广州起义
索取号:K263.3/1
 
预约/预借
| 序号 | 登录号 | 条形码 | 馆藏地/架位号 | 状态 | 备注 |
| 1 | 0014469 | 001925581 | 第二样本阅览室/ [索取号:K263.3/1] | 在馆 |